Team-working/ (Record no. 4835)
[ view plain ]
| 000 -LEADER | |
|---|---|
| fixed length control field | 00762nac a22002171u 4500 |
| 020 ## - INTERNATIONAL STANDARD BOOK NUMBER | |
| International Standard Book Number | 9781859649183 |
| 082 ## - DEWEY DECIMAL CLASSIFICATION NUMBER | |
| Classification number | 371.30281 |
| Item number | M2832 |
| 090 ## - LOCALLY ASSIGNED LC-TYPE CALL NUMBER (OCLC); LOCAL CALL NUMBER (OCLC) | |
| -- | 4834 |
| -- | 4834 |
| 100 ## - MAIN ENTRY--PERSONAL NAME | |
| Personal name | Manning, Anthony |
| 245 ## - TITLE STATEMENT | |
| Title | Team-working/ |
| Statement of responsibility, etc | Anthony manning & Clare Nukui &Andrew O'cean with Jennifer Book |
| Number of part/section of a work | Module 4 |
| Name of part/section of a work | Course book |
| 260 ## - PUBLICATION, DISTRIBUTION, ETC. (IMPRINT) | |
| Place of publication, distribution, etc | London: |
| Name of publisher, distributor, etc | Garnet pub.,2007 |
| Date of publication, distribution, etc | 2007 |
| 300 ## - PHYSICAL DESCRIPTION | |
| Extent | 30 p.: |
| Other physical details | ill.; |
| Dimensions | 23 cm. |
| 440 ## - | |
| -- | university foundation study |
| 650 ## - SUBJECT ADDED ENTRY--TOPICAL TERM | |
| Topical term or geographic name as entry element | Study skills |
| 650 ## - SUBJECT ADDED ENTRY--TOPICAL TERM | |
| Topical term or geographic name as entry element | Life skills |
| 700 ## - ADDED ENTRY--PERSONAL NAME | |
| Personal name | Nukui, Clare |
| 700 ## - ADDED ENTRY--PERSONAL NAME | |
| Personal name | O'cean, Andrew |
| 700 ## - ADDED ENTRY--PERSONAL NAME | |
| Personal name | Book, Jennifer |
| 942 ## - ADDED ENTRY ELEMENTS (KOHA) | |
| Item type | NB - Book (Non borrowing) |
| Call number prefix | 371.30281M2832 |
| Withdrawn status | Item status | Damaged status | Not for loan | Home library | Current library | Shelving location | Date acquired | Source of acquisition | Total Checkouts | Full call number | Barcode | Date last seen | Koha item type |
|---|---|---|---|---|---|---|---|---|---|---|---|---|---|
| Central Library | Central Library | First floor | 25/09/2007 | Purchase | 371.30281 MAN | 000005931 | 15/07/2025 | NB - Book (Non borrowing) | |||||
| Central Library | Central Library | First floor | 25/09/2007 | Purchase | 371.30281 MAN | 000005934 | 15/07/2025 | Book - Borrowing |